کشف ا لمحجوب (Record no. 169992)

MARC details
000 -LEADER
fixed length control field 00659nam a22001937a 4500
005 - DATE AND TIME OF LATEST TRANSACTION
control field 20191209172109.0
010 ## - LCCN (DPL NO)
LC control number A-370252
020 ## - INTERNATIONAL STANDARD BOOK NUMBER
Terms of availability 50.00
International Standard Book Number -
035 ## - SYSTEM CONTROL NUMBER
System control number A-370252
037 ## - SOURCE OF ACQUISITION
Source of stock number/acquisition BPPD
082 ## - DEWEY DECIMAL CLASSIFICATION NUMBER
Classification number 270
100 ## - MAIN ENTRY--PERSONAL NAME
Personal name سيد علی ہجو ير ی ر حمتہ اللہ عليہ
245 ## - TITLE STATEMENT
Title کشف ا لمحجوب
Statement of responsibility, etc سيد علی ہجو ير ی ر حمتہ اللہ عليہ
246 ## - VARYING FORM OF TITLE
Title proper/short title Kashaf Almehjob (Urdu)
Remainder of title by Syd,.Ali Hijoeri Rehmatullah Aleh
260 ## - PUBLICATION, DISTRIBUTION, ETC. (IMPRINT)
Place of publication, distribution, etc Delhi
Date of publication, distribution, etc 1989 ء
Name of publisher, distributor, etc Naaz Publishing House
270 ## - ADDRESS
Address Pahari Bhojla
City Delhi
Telephone number -
Postal code 110006
300 ## - PHYSICAL DESCRIPTION
Extent 579 ص
Dimensions 22 cm(hb)
942 ## - ADDED ENTRY ELEMENTS (KOHA)
Source of classification or shelving scheme Dewey Decimal Classification
Item type Urdu Bks
Classification part 270
Call number suffix ع ل ی
Holdings
Withdrawn status Lost status Not for loan Collection code Home library Current library Date acquired Source of acquisition Cost, normal purchase price Full call number Barcode Copy number Cost, replacement price Koha item type
    Ordered Non-fiction Central Library Central Library 09/12/2019 BPPD/Ven. 50.00 270 ع ل ی A-370252 1 50.00 Urdu Bks

© Delhi Public Library
Hit Counter
free hit counter